000 00586nam a2200193Ia 4500
005 20250508165112.0
008 008 250505s9999 xx 000 0 eng d
037 _aDissertations
040 _aFEDL
_beng
_cFEDL
041 _aeng
_2eng
084 _a378.33, RAK/DI
_qFEDL
100 _aRakesh Kumar
245 0 _aImpact of Rajiv Gandhi national fellowship scheme in furthering research in Delhi University
260 _c2011
300 _a70p.
546 _aM. Ed. Dissertation, (Delhi University)
942 _cDIS
_h378.33, RAK/DI
999 _c1393179
_d1393179